00261nam a2200085Ia 450000100070000000500170000700800410002424500880006526000220015364211620250826153520.0250824s9999 xx 000 0 und d 0aŞİRİN İŞ BAŞINDA 12 EVCİL BİR BALİNAM VARcBİRSEN EKİM ÖZEN bTİMAŞ ÇOCUK